000 00394nmm a2200145Ia 4500
008 251105s9999||||xx |||||||||||||||||und||
041 _aspa
100 _aAtria Rosselot, Jaime
245 0 _aJubilé
264 _a[Madrid, España] :
_bLantia,
_c2015
300 _a0 páginas
650 _aLatin American narrative
856 _uhttps://public.digitaliapublishing.com/a/87460
942 _cCF
999 _c105427
_d105427